[Event "AUS-ch"]
[Site "Melbourne"]
[Date "2014.01.05"]
[Round "5"]
[White "Penrose, Justin"]
[Black "McClymont, Brodie"]
[Result "0-1"]
[WhiteElo "1986"]
[BlackElo "2261"]
[PlyCount "78"]
[EventDate "2014.01.02"]
[EventType "swiss"]
[EventRounds "11"]
[EventCountry "AUS"]
[SourceTitle "CBM 158 Extra"]
[Source "ChessBase"]
[SourceDate "2014.02.28"]
[SourceVersion "1"]
[SourceVersionDate "2014.02.28"]
[SourceQuality "1"]

1. e4 c5 2. Nf3 d6 3. c3 Nf6 4. Be2 Bd7 5. Qc2 Bc6 6. d3 Nbd7 7. 0-0 Qc7 8. h3 d5 9. Nbd2 e5 10. exd5 Nxd5 11. Re1 Be7 12. Nf1 0-0 13. a3 Nf4 14. Ng3 Rae8 15. Bxf4 exf4 16. Ne4 h6 17. b4 a5 18. bxc5 Nxc5 19. Nxc5 Bxc5 20. Qb2 Qb6 21. Qxb6 Bxb6 22. d4 Bc7 23. Nd2 b5 24. Bf3 Rxe1+ 25. Rxe1 Bxf3 26. Nxf3 Bd6 27. a4 bxa4 28. c4 Bb4 29. Ra1 a3 30. Kf1 Re8 31. Ne5 f6 32. Nd3 Re4 33. c5 Rxd4 34. Ke2 Rc4 35. Kf3 g5 36. c6 Rxc6 37. Ke4 Kf7 38. Ra2 Ke6 39. f3 Rc4# 0-1

[Event "AUS-ch"]
[Site "Melbourne"]
[Date "2014.01.04"]
[Round "4"]
[White "Sukandar, Irine Kharisma"]
[Black "Penrose, Justin"]
[Result "1-0"]
[WhiteElo "2369"]
[BlackElo "1986"]
[PlyCount "97"]
[EventDate "2014.01.02"]
[EventType "swiss"]
[EventRounds "11"]
[EventCountry "AUS"]
[SourceTitle "CBM 158 Extra"]
[Source "ChessBase"]
[SourceDate "2014.02.28"]
[SourceVersion "1"]
[SourceVersionDate "2014.02.28"]
[SourceQuality "1"]

1. e4 e6 2. d4 d5 3. Nc3 Nf6 4. Bg5 Bb4 5. e5 h6 6. Be3 Ne4 7. Qg4 Kf8 8. a3 Bxc3+ 9. bxc3 c5 10. Bd3 Nxc3 11. dxc5 Nc6 12. Nf3 Qa5 13. 0-0 Qa4 14. Qh5 Kg8 15. Rfe1 Ne4 16. c4 Ne7 17. Bxe4 dxe4 18. Nd2 Bd7 19. Nxe4 Bc6 20. Nd6 Ng6 21. Rad1 Qa5 22. f4 Qc7 23. f5 exf5 24. e6 Be8 25. Bd4 Kh7 26. Qxf5 fxe6 27. Rxe6 Rf8 28. Nxe8 Rxf5 29. Nxc7 Raf8 30. Nd5 R5f7 31. c6 bxc6 32. Rxc6 Rd8 33. Rf1 Rb7 34. a4 Ne7 35. Nxe7 Rxd4 36. Nf5 Rd2 37. Re1 Rbb2 38. Ne3 Rb7 39. a5 Ra2 40. a6 Rb6 41. Rxb6 axb6 42. Rb1 Rxa6 43. Nd5 Kg8 44. Nxb6 Ra7 45. c5 Rc7 46. Rc1 Rc6 47. Nd5 Kf7 48. Nb4 Rc8 49. c6 1-0